[Event "EICC 2019"]
[Site "Skopia"]
[Date "2019.03.20"]
[Round "3.39"]
[White "Van Foreest, Jorden"]
[Black "Sargsyan, Shant"]
[Result "1/2-1/2"]
[WhiteElo "2621"]
[BlackElo "2488"]
[Annotator "TA"]
[PlyCount "60"]
[EventDate "2019.03.18"]
[EventType "swiss"]
[EventCountry "MKD"]
[SourceTitle "playchess.com"]
[Source "ChessBase"]
[SourceQuality "1"]

{[%evp 17,60,-14,0,-16,0,-22,-22,-16,-14,-50,0,0,0,0,0,0,0,0,0,-6,0,0,0,0,0,0,0,0,0,0,0,0,0,0,0,0,0,0,0,0,0,0,0,0,8]} 1. e4 e5 2. Nf3 Nc6 3. d4 exd4 4. Nxd4 Nf6 5. Nxc6 bxc6 6. e5 Qe7 7. Qe2 Nd5 8. c4 Ba6 9. b3 g6 10. f4 {C45: Scotch Game} (10. g3 Bg7 11. Bb2 O-O 12. Bg2 Rae8 13. O-O Bxe5 14. Qxe5 Qxe5 15. Bxe5 Rxe5 16. cxd5 Bxf1 17. Kxf1 cxd5 18. Nc3 c6 19. Rd1 Rfe8 20. Bf3 Kf8 21. Ne2 {½-½ (41) Aronian,L (2765)-Amin,B (2709) Germany 2019}) 10... d6 {[%cal Bd7d6,Bd6e5][%mdl 32]} 11. Qf2 Nf6 {[%cal Bd5f6,Bf6e4,Be4c5,Bc5d3][%mdl 32]} 12. Be2 dxe5 {Strongly threatening ...Ne4.} 13. O-O Qc5 14. Be3 $1 {[%cal Re3c5] The position is equal.} Ne4 $1 {[%cal Re4f2]} 15. Bxc5 Bxc5 16. Qxc5 Nxc5 17. fxe5 O-O $146 18. Nc3 Rfe8 19. Bf3 Bb7 20. Rae1 Nd3 21. Re3 Nxe5 22. Ne4 $1 Nxf3+ 23. Rfxf3 {Hoping for Nf6+.} Rxe4 24. Rxe4 $11 {[%mdl 4096] [#] Endgame aiming for Re7. KRR-KRB} c5 25. Re5 {And now Rd3 would win.} Bxf3 26. gxf3 Rd8 27. Rxc5 Rd1+ 28. Kf2 Rd2+ $1 29. Kg3 Rxa2 30. Rxc7 a5 {Accuracy: White = 44%, Black = 71%.} 1/2-1/2

[Event "EICC 2019"]
[Site "Skopia"]
[Date "2019.03.20"]
[Round "3.40"]
[White "Postny, Evgeny"]
[Black "Plenca, Jadranko"]
[Result "1/2-1/2"]
[WhiteElo "2619"]
[BlackElo "2487"]
[Annotator "TA"]
[PlyCount "77"]
[EventDate "2019.03.18"]
[EventType "swiss"]
[EventCountry "MKD"]
[SourceTitle "playchess.com"]
[Source "ChessBase"]
[SourceQuality "1"]

{[%evp 27,77,0,15,9,16,15,14,8,25,7,36,34,34,33,34,33,35,27,49,46,56,57,50,50,74,72,72,59,75,75,94,66,61,52,37,0,66,64,47,49,52,24,25,0,0,0,6,0,0,0,18,0]} 1. d4 d5 2. c4 e6 3. Nc3 Be7 4. Nf3 Nf6 5. Bg5 Nbd7 6. e3 O-O 7. Rc1 h6 8. Bh4 b6 9. cxd5 exd5 10. Bd3 Bb7 11. O-O Ne4 12. Bxe7 Qxe7 13. Qb3 c6 14. Qc2 c5 15. dxc5 {D58: Queen's Gambit Declined: Tartakower Defence} Ndxc5 16. Rfd1 (16. Nd4 Rac8 17. Qe2 Nxd3 18. Qxd3 Qf6 19. Nce2 Nc5 {1-0 (52) Esen,B (2565)-Thompson,I (2260) Reykjavik 2013}) 16... Rac8 17. Bf1 $146 ({Predecessor:} 17. Be2 Rfd8 18. Nd4 Qe5 19. Bg4 Ra8 {1-0 (47) Breder,J (1855)-Kimpel,J (1906) Austria 2016}) 17... Rfd8 18. Nb5 a6 19. Nbd4 Qf6 20. Qe2 Ne6 21. Qe1 g5 22. Bd3 Nd6 23. Rxc8 Rxc8 24. h3 Nc5 25. Bb1 Re8 26. Nh2 {aiming for Ng4.} Bc8 27. Qe2 Nce4 28. Rc1 Bd7 29. Bxe4 Nxe4 30. Ng4 Qd6 $1 31. Nh2 b5 (31... Qf6 $11) 32. Nhf3 f5 {[%cal Bf7f5,Bf5f4][%mdl 32]} 33. Nd2 f4 34. Nxe4 Rxe4 35. Qf3 Qe5 {[%cal Rf4e3] The position is equal.} 36. Qh5 {[#] Threatens to win with Qg6+.} Qd6 37. Qf3 Qe5 {[%cal Rf4e3]} 38. Qh5 {Hoping for Qg6+.} Qd6 39. Qf3 {Precision: White = 59%, Black = 44%.} 1/2-1/2

[Event "EICC 2019"]
[Site "Skopia"]
[Date "2019.03.20"]
[Round "3.41"]
[White "Smirin, Ilia"]
[Black "Jurcik, Marian"]
[Result "1-0"]
[WhiteElo "2618"]
[BlackElo "2474"]
[Annotator "TA"]
[PlyCount "75"]
[EventDate "2019.03.18"]
[EventType "swiss"]
[EventCountry "MKD"]
[SourceTitle "playchess.com"]
[Source "ChessBase"]
[SourceQuality "1"]

{[%evp 22,75,41,40,39,37,32,31,31,23,31,34,35,34,41,45,33,46,41,19,52,65,64,52,71,51,74,57,57,57,57,50,62,62,62,62,62,62,62,35,43,35,39,35,62,33,62,62,62,16,27,0,62,62,930,750]} 1. e4 c5 2. Nf3 e6 3. d4 cxd4 4. Nxd4 Nc6 5. Nc3 Qc7 6. g3 a6 7. Bg2 Nf6 8. O-O Bc5 9. Nxc6 dxc6 10. Na4 Ba7 11. c4 Nd7 12. b4 O-O {B47: Sicilian: Taimanov: 5 Nc3 Qc7 6 f4, 6 g3 and 6 Be2} (12... a5 13. b5 e5 14. Ba3 Bd4 15. Rc1 c5 16. Nc3 Nb6 17. Ne2 Be6 18. Nxd4 exd4 19. Qd3 O-O 20. f4 {1-0 (59) Demchenko,A (2596)-Bukavshin,I (2613) Khanty-Mansiysk 2014}) 13. c5 a5 14. a3 b6 {White is slightly better.} 15. cxb6 $146 ({Predecessor:} 15. Qc2 bxc5 16. bxc5 Ba6 17. Rd1 Bb5 18. Nc3 Nxc5 19. Be3 Rac8 20. a4 {0-1 (27) Miturova,M (2188)-Kantane,A (2299) Balatonszarszo 2017}) 15... Nxb6 16. Nc5 Nd7 17. Be3 Nxc5 18. bxc5 e5 19. Qc2 Be6 20. Rfd1 Rfd8 21. Bf1 h6 22. Kg2 Qe7 23. Rac1 Rd7 24. Rxd7 Qxd7 25. Rd1 Qc8 26. Bc4 Bxc4 27. Qxc4 Bb8 $1 28. Qa4 Ra6 29. Bd2 Bc7 30. Bc3 Qe6 31. Rb1 Ra7 32. h3 f6 33. h4 h5 34. Bd2 Qa2 35. Rd1 Qe6 36. Rb1 Qa2 $1 {[%cal Ra2b1]} 37. Qd1 Qxa3 $2 {[%mdl 8192] [#]} (37... Qf7 $14) 38. Qc2 $1 {Accuracy: White = 86%, Black = 60%.} ({Not} 38. Qxh5 Qd3 $11) 1-0

[Event "EICC 2019"]
[Site "Skopia"]
[Date "2019.03.20"]
[Round "3.42"]
[White "Studer, Noel"]
[Black "Pashikian, Arman"]
[Result "1-0"]
[WhiteElo "2479"]
[BlackElo "2616"]
[Annotator "TA"]
[PlyCount "101"]
[EventDate "2019.03.18"]
[EventType "swiss"]
[EventCountry "MKD"]
[SourceTitle "playchess.com"]
[Source "ChessBase"]
[SourceQuality "1"]

{[%evp 22,101,-3,-12,21,-21,-17,-33,-2,-3,-2,-51,-40,-26,-37,-87,-44,-47,-45,-67,-72,-90,-89,-98,-74,-109,-118,-123,-119,-117,-125,-137,-114,-113,-114,-113,-111,-95,-97,-92,-60,-161,-156,-158,-75,-71,-9,-21,0,0,0,0,0,-1,118,110,139,94,600,600,597,593,508,390,556,561,528,525,524,391,530,510,489,184,503,542,533,526,503,503,954,942]} 1. d4 Nf6 2. c4 e6 3. Nf3 d5 4. g3 Bb4+ 5. Bd2 Be7 6. Bg2 O-O 7. O-O Nbd7 8. Qc2 c6 9. Bf4 b6 10. Rd1 Ba6 11. b3 Rc8 12. a4 {LiveBook: 3 Games. E15: Queen's Indian: 4 g3 sidelines, 4 g3 Ba6 and 4 g3 Bb7 early deviations} (12. Nc3 h6 13. e4 dxc4 14. Nd2 b5 15. bxc4 bxc4 16. Na4 g5 17. Be3 Ng4 18. Nf1 Qc7 19. Bd2 c5 20. d5 Nde5 21. h3 Nf6 {½-½ (72) Bareev,E (2666)-Vidit,S (2711) Batumi 2018}) 12... Bb4 13. Ne5 $146 ({Predecessor:} 13. a5 c5 14. axb6 Qxb6 15. Qa2 Bb7 16. Qxa7 dxc4 17. bxc4 cxd4 18. Qxb6 {½-½ (18) Bauer,C (2590)-Alekseev,E (2606) Biel 2004}) 13... Nxe5 14. Bxe5 {The position is equal.} Nd7 15. Bf4 Qe7 16. Nc3 dxc4 17. bxc4 Bxc4 18. Ne4 Ba6 19. Rab1 Rfd8 20. h4 h6 21. Bf3 f5 22. Nc3 Nf6 23. Be5 Nd5 24. Na2 Bd6 25. e4 fxe4 26. Bxe4 c5 {And now ...cxd4 would win.} 27. Bxd6 Qxd6 28. dxc5 Qxc5 29. Qb2 Nf6 30. Bg2 Bc4 31. Rxd8+ ({Better is} 31. Nb4 $15) 31... Rxd8 $19 32. Nb4 {[%cal Ba2b4,Bb4d3,Bd3e5,Be5c6][%mdl 32]} Nd5 (32... Ng4 $142 $1 {...Rf8 is the strong threat.} 33. Rc1 Be2 $1 {[%mdl 512]} 34. Qxe2 Qxc1+ 35. Bf1 Nf6 36. Qxe6+ Kh8) 33. Rd1 $17 Rf8 ({Black should play} 33... Rc8 $17 34. Nxd5 exd5) 34. Nd3 Qa5 35. Ne5 $1 {[%cal Re5c4]} Nc3 36. Re1 Nxa4 37. Qa1 Bb3 {[#]} (37... Bb5 $11) 38. Re3 $1 $16 {[%cal Re3b3][%mdl 1024] White has strong compensation.} Qb4 39. Nc6 Qc4 $2 {[%mdl 8192]} (39... Qc5 $16) 40. Ne7+ $18 Kf7 {[#]} 41. Rf3+ $1 Ke8 {Threatens to win with ...Rxf3.} 42. Qxg7 Qc1+ (42... Rxf3 $142 43. Ng6 Qc1+ 44. Kh2 Qc5) 43. Kh2 Rxf3 44. Bxf3 Qb2 45. Bc6+ Kd8 46. Qf7 Kc7 47. Bg2 $2 (47. Bb5 {Threatening mate with Nf5+.} Kd6 48. Qf8) 47... Kd6 $2 (47... Nc5 48. Qf4+ Kd7) 48. Qf8 {White wants to mate with Nc6+.White is clearly winning.} Kd7 49. Ng6 {White threatens Qe7+ and mate.} Bd5 50. Qe7+ Kc6 (50... Kc8 $142 51. Qe8+ Kc7 52. Qxa4 a5 53. Qf4+ Kb7) 51. Qxe6+ {Precision: White = 55%, Black = 38%.} 1-0

[Event "EICC 2019"]
[Site "Skopia"]
[Date "2019.03.20"]
[Round "3.43"]
[White "Livaic, Leon"]
[Black "Oparin, Grigoriy"]
[Result "1/2-1/2"]
[WhiteElo "2477"]
[BlackElo "2613"]
[Annotator "TA"]
[PlyCount "89"]
[EventDate "2019.03.18"]
[EventType "swiss"]
[EventCountry "MKD"]
[SourceTitle "playchess.com"]
[Source "ChessBase"]
[SourceQuality "1"]

{[%evp 14,89,30,5,5,5,10,7,22,9,4,8,13,12,9,14,14,13,15,15,19,17,23,0,0,-14,-5,-21,-21,-14,2,12,129,-20,-18,-22,-27,-22,-23,-30,-8,-10,-2,-2,0,-3,-3,-2,-2,-4,0,0,0,0,0,0,0,-41,-41,-41,-41,-41,-41,-46,-41,-41,-41,-41,-41,-41,-41,-40,0,0,0,-41,0,-41]} 1. d4 Nf6 2. c4 e6 3. Nf3 Bb4+ 4. Bd2 a5 5. g3 d5 6. Bg2 O-O 7. O-O c6 8. Qc2 Be7 {E11: Bogo-Indian} 9. Rc1 Nbd7 10. Bg5 (10. a3 b6 11. cxd5 cxd5 12. Nc3 Ba6 13. Qa4 Ne4 14. Nb5 Bxb5 15. Qxb5 Nd6 16. Qd3 a4 {1-0 (49) Gelfand,B (2673)-Saric,I (2695) St Petersburg 2018}) 10... h6 11. Bxf6 Bxf6 12. Nbd2 e5 13. cxd5 cxd5 14. dxe5 Nxe5 15. Nxe5 Bxe5 16. Nf3 $146 ({Predecessor:} 16. Rd1 Be6 {½-½ (60) Starostits,I (2423)-Volodin,A (2468) Riga 2017}) 16... Bf6 17. Rd1 Qb6 18. Rd2 Be6 19. e3 Rfc8 20. Qb3 Qxb3 21. axb3 a4 22. bxa4 Rxa4 (22... Rc4 $11 {remains equal.}) 23. Rad1 ({White must play} 23. Rxa4 $16 Rc1+ 24. Bf1) 23... Rb4 $11 24. Ne1 Rxb2 25. Rxb2 Bxb2 26. Nd3 Bf6 27. Nf4 Bg4 28. f3 Be6 29. Nxd5 Bd8 30. Bf1 Kf8 31. e4 Ba5 32. Rb1 Bxd5 33. exd5 {[%mdl 4096] Endgame KRB-KRB} Rc7 34. d6 Rd7 35. Rd1 Bb4 36. Bb5 Rxd6 37. Rxd6 Bxd6 $15 {KB-KB} 38. Kf2 Ke7 39. Ke3 Bc5+ 40. Ke4 Bg1 41. h3 Bf2 42. g4 Kd6 43. Bc4 f6 44. Bb3 Kc5 45. Kd3 {Accuracy: White = 56%, Black = 66%.} 1/2-1/2

[Event "EICC 2019"]
[Site "Skopia"]
[Date "2019.03.20"]
[Round "3.44"]
[White "Erdos, Viktor"]
[Black "Gumularz, Szymon"]
[Result "1-0"]
[WhiteElo "2612"]
[BlackElo "2473"]
[Annotator "TA"]
[PlyCount "77"]
[EventDate "2019.03.18"]
[EventType "swiss"]
[EventCountry "MKD"]
[SourceTitle "playchess.com"]
[Source "ChessBase"]
[SourceQuality "1"]

{[%evp 15,77,14,11,7,14,0,0,0,0,-1,0,0,8,0,101,84,78,79,93,95,105,104,97,92,99,91,108,105,108,108,108,113,104,109,118,104,118,86,108,68,76,65,104,106,96,74,193,178,177,148,283,281,275,297,268,281,292,284,1588,1588,1467,1445,1359,1166]} 1. d4 Nf6 2. c4 e6 3. Nf3 d5 4. g3 Be7 5. Bg2 O-O 6. O-O dxc4 7. Qc2 a6 8. a4 Bd7 9. Rd1 {E05: Open Catalan: 5 Nf3 Be7} Bc6 10. Bg5 b5 11. Bxf6 {The position is equal.} Bxf6 12. Nc3 Qe8 13. d5 exd5 14. Nd4 $1 {[#]} b4 $146 (14... Qe5 $11) ({Predecessor:} 14... Qe5 15. e4 dxe4 16. axb5 axb5 17. Nxc6 Nxc6 18. Rxa8 Rxa8 19. Qxe4 Qxe4 20. Bxe4 {½-½ (40) Vitiugov,N (2730)-Andreikin,D (2710) Satka 2018}) 15. Nxd5 $16 Bxd5 16. Bxd5 c6 17. Bg2 c3 18. bxc3 bxc3 19. Qxc3 Ra7 20. Rab1 Qc8 21. Qc5 Rc7 22. Nf5 g6 23. Qd6 Nd7 24. Ne3 {Strongly threatening Bh3.} Be5 25. Qd3 $36 {[%mdl 2048] White is on the roll.} Bg7 26. Qc2 Ne5 27. h3 Re8 28. Rb3 h5 29. f4 Nd7 30. Nc4 {Hoping for Nd6.} Re7 {[#]} (30... Qa8 $16) 31. e4 $1 $18 Nf6 32. Nd6 Qe6 (32... Qa8 $16 {was worth a try.} 33. Rbd3 Red7) 33. Rb8+ Kh7 34. e5 Nd5 35. Ne4 {Threatens to win with Ng5+.} f6 36. Qf2 Bh6 $2 {[#]} (36... Qf5 37. h4 Kh6) 37. Rxd5 $1 {[%mdl 576] Remove Defender. White is clearly winning.} cxd5 38. Nxf6+ {[%mdl 64] Double Attack, Discovered Attack} Kg7 39. Bxd5 {Accuracy: White = 84%, Black = 48%.} 1-0

[Event "EICC 2019"]
[Site "Skopia"]
[Date "2019.03.20"]
[Round "3.45"]
[White "Lodici, Lorenzo"]
[Black "Romanov, Evgeny"]
[Result "0-1"]
[WhiteElo "2474"]
[BlackElo "2612"]
[Annotator "TA"]
[PlyCount "54"]
[EventDate "2019.03.18"]
[EventType "swiss"]
[EventCountry "MKD"]
[SourceTitle "playchess.com"]
[Source "ChessBase"]
[SourceQuality "1"]

{[%evp 9,54,20,23,22,23,31,37,37,43,22,20,20,20,16,20,29,20,6,95,77,93,56,51,51,46,50,43,51,94,89,104,0,0,-86,-80,-220,-217,-241,-238,-339,-334,-813,-797,-29949,-5381,-29989,-29990]} 1. d4 Nf6 2. c4 e6 3. g3 Bb4+ 4. Bd2 a5 5. Bg2 d6 $146 (5... O-O 6. Nf3 b6 7. O-O Bb7 8. Nc3 d6 9. Rc1 Nbd7 10. Bg5 Bxc3 11. Rxc3 h6 12. Bxf6 Nxf6 13. Nd2 Bxg2 14. Kxg2 e5 15. dxe5 dxe5 16. Qc2 Qd7 17. Ne4 Qc6 {½-½ (41) Stupak,K (2564)-Sasikiran,K (2666) Yerevan 2018}) 6. e3 {E00: Catalan Bogo-Indian (3 g3 Bb4+)} O-O 7. Ne2 e5 8. O-O {White is slightly better.} Bxd2 9. Nxd2 Re8 10. Qc2 exd4 11. Nxd4 Nbd7 12. Nb1 Ne5 13. Nc3 c5 (13... h5 $11 {keeps the balance.}) 14. Ndb5 $16 Nxc4 15. Qd3 d5 $1 ({But not} 15... Nxb2 $2 16. Qe2 $18) 16. Nxd5 Ne5 $1 {[%cal Re5d3]} 17. Nxf6+ Qxf6 18. Qd6 Be6 19. Nc7 ({Inferior is} 19. Bxb7 Rab8 $17) 19... Red8 20. Qxc5 (20. Qb6 $16) 20... Rac8 $1 $11 21. Bxb7 (21. Rad1 $11 Rxd1 22. Rxd1) 21... Nf3+ $17 {[%mdl 64] Discovered Attack} 22. Kg2 {[#]} (22. Kh1 $17 Nd2 23. Kg1 (23. Bxc8 Bxc8 24. Kg1 Bb7 $19)) 22... Ng5 $1 $19 23. Qxa5 Bh3+ 24. Kh1 {[#]} (24. Kg1 {was worth a try.} Rb8 25. Nd5) 24... Rb8 $1 {[%cal Rb8b7]} 25. Bd5 $2 (25. Qa7 Qxb2 26. Bc6) 25... Rxb2 26. f4 Bxf1 27. Rxf1 Qf5 {Accuracy: White = 41%, Black = 68%.} 0-1

[Event "EICC 2019"]
[Site "Skopia"]
[Date "2019.03.20"]
[Round "3.46"]
[White "Lupulescu, Constantin"]
[Black "Pavlov, Sergey"]
[Result "1/2-1/2"]
[WhiteElo "2611"]
[BlackElo "2471"]
[Annotator "TA"]
[PlyCount "66"]
[EventDate "2019.03.18"]
[EventType "swiss"]
[EventCountry "MKD"]
[SourceTitle "playchess.com"]
[Source "ChessBase"]
[SourceQuality "1"]

{[%evp 15,66,31,35,35,42,33,33,29,44,37,56,40,58,32,27,43,37,12,43,20,75,46,57,57,72,46,52,15,46,46,58,51,36,0,34,0,0,-22,-10,-47,-38,-36,-36,-38,-7,-62,-53,-36,-27,-93,-70,-191,-112]} 1. d4 Nf6 2. c4 e6 3. Nc3 Bb4 4. Qc2 c5 5. dxc5 Qc7 6. a3 Bxc5 7. Nf3 a6 8. Bg5 Be7 9. e4 {E38: Nimzo-Indian: Classical: 4...c5} (9. e3 b6 10. Be2 Bb7 11. O-O d6 12. Rfd1 Nbd7 13. Rac1 O-O 14. Qb1 Rac8 15. h3 Qb8 16. Bf4 h6 17. Bg3 {1-0 (68) Gareyev,T (2619)-Kamsky,G (2638) Greensboro 2016}) 9... d6 10. Be2 Nbd7 11. O-O {White is slightly better.} b6 12. Rac1 Bb7 13. b4 Rc8 14. Qb1 Qb8 15. Nd2 O-O 16. Be3 Rfe8 17. f4 $146 Bf8 (17... d5 $11 {keeps the balance.}) 18. Bf3 g6 19. Qd3 Bg7 20. g4 h6 21. h4 h5 22. g5 Ng4 23. Bxg4 $1 hxg4 24. Ne2 d5 25. e5 Red8 {[#] And now ...Nxe5! would win.} 26. Bd4 a5 27. Qg3 axb4 28. axb4 dxc4 {...Nxe5! is the strong threat.} 29. Qxg4 b5 30. h5 (30. Rf2 $1 $11) 30... gxh5 $15 31. Qxh5 Nf8 {[#] Threatens to win with ...Rxd4!} 32. Nf3 (32. Rf2 $1 $11) 32... Be4 $17 33. Kf2 ({White should try} 33. Rf2 $15) 33... Qb7 {Accuracy: White = 28%, Black = 52%.} ({Black should play} 33... Ng6 $19 34. Kg3 Ne7) 1/2-1/2

[Event "EICC 2019"]
[Site "Skopia"]
[Date "2019.03.20"]
[Round "3.47"]
[White "Schreiner, Peter"]
[Black "Pantsulaia, Levan"]
[Result "0-1"]
[WhiteElo "2471"]
[BlackElo "2611"]
[Annotator "TA"]
[PlyCount "100"]
[EventDate "2019.03.18"]
[EventType "swiss"]
[EventCountry "MKD"]
[SourceTitle "playchess.com"]
[Source "ChessBase"]
[SourceQuality "1"]

{[%evp 18,100,21,14,24,9,0,9,-3,-15,-10,-14,3,-23,5,5,6,6,1,2,19,0,6,4,25,0,0,0,6,0,0,-23,-4,-12,0,0,0,0,0,-22,-21,-21,-29,-25,-18,-18,-28,-28,-20,-29,0,-6,-6,-6,-6,-6,-7,-8,-8,-37,-37,-37,-37,-40,0,0,0,-109,-109,-1114,-1039,-29954,-2981,-29956,-29955,-12827,-6287,-29970,-29969,-29971,-29971,-29973,-29973,-29981,-29982]} 1. Nf3 Nf6 2. c4 g6 3. g3 Bg7 4. Bg2 O-O 5. O-O c5 6. d4 d6 7. Nc3 Nc6 8. dxc5 dxc5 9. Be3 Qa5 10. Nd5 Bf5 {E65: King's Indian: Fianchetto: 6...c5 7 0-0 without d5 by White} (10... Be6 11. Nd2 Ng4 12. Bg5 Bxb2 13. Rb1 Bf6 14. Bxf6 Nxf6 15. Rxb7 Rad8 16. Nb3 Qxa2 17. Rc7 Ne5 18. Rxe7 {½-½ (54) Bogosavljevic,B (2492)-Ivanisevic,I (2649) Mataruska Banja 2008}) 11. Bd2 Qd8 12. Bc3 Be4 {[%cal Rf6d5] The position is equal.} 13. Nh4 {[%cal Bf3h4,Bh4g2,Bg2f4,Bf4d5][%mdl 32] Threatens to win with Nxf6+.} Bxg2 14. Nxg2 Qc8 $146 ({Predecessor:} 14... Nh5 15. Qb3 Bxc3 16. bxc3 Na5 17. Qb5 e6 18. Ndf4 Nxf4 19. Nxf4 {½-½ (72) Bolbochan,J-Rossetto,H Mar del Plata 1953}) 15. Ngf4 Rd8 16. Bxf6 Bxf6 17. Nxf6+ exf6 18. Nd5 Kg7 19. e3 Ne5 20. b3 Qh3 21. Qe2 b5 22. f4 Ng4 23. Rfe1 Rab8 24. Rab1 bxc4 25. bxc4 Re8 26. Rb3 Rxb3 27. axb3 Rb8 28. Qg2 Qxg2+ 29. Kxg2 Rxb3 $11 {[%mdl 4096] Endgame Strongly threatening ...Rb2+. KRN-KRN} 30. h3 Rb2+ 31. Kf3 Nh2+ 32. Ke4 f5+ 33. Kd3 a5 (33... Nf3 {seems wilder.} 34. Re2 Rb3+ 35. Nc3 Ng1 36. Rh2 Ra3) 34. Re2 Rxe2 35. Kxe2 {KN-KN} a4 36. Kf2 a3 {Hoping for ...a2.} 37. Nc3 h5 38. Kg2 Ng4 $1 {[%cal Rg4e3]} 39. hxg4 fxg4 $15 {KN-KP} 40. Kf2 f5 {[%mdl 1024] Black has compensation.} 41. Ke2 Kh6 42. Kd2 (42. Na2 $11) 42... h4 $1 $17 {[%cal Rh4h3] And now ...h3 would win.} 43. Kc2 $2 {[%mdl 8192]} ({Avoid the trap} 43. gxh4 $2 Kh5 $19) (43. Ke2 $17) 43... Kh5 $19 ({Don't go for} 43... h3 $2 44. Nd1 $18) 44. Kb3 hxg3 45. Kxa3 Kh4 $1 46. Ka4 {[#]} Kh3 $1 47. Kb5 {[#]} Kg2 $1 {[%cal Rg2f3] Black mates.} 48. e4 Kf3 49. e5 g2 50. e6 g1=Q {Accuracy: White = 27%, Black = 69%.} 0-1

[Event "EICC 2019"]
[Site "Skopia"]
[Date "2019.03.20"]
[Round "3.48"]
[White "Predke, Alexandr"]
[Black "Tutisani, Noe"]
[Result "1-0"]
[WhiteElo "2611"]
[BlackElo "2467"]
[Annotator "TA"]
[PlyCount "153"]
[EventDate "2019.03.18"]
[EventType "swiss"]
[EventCountry "MKD"]
[SourceTitle "playchess.com"]
[Source "ChessBase"]
[SourceQuality "1"]

{[%evp 12,153,22,0,0,0,12,25,20,4,14,0,25,24,35,14,22,27,21,22,37,20,43,34,37,35,38,32,53,61,54,56,56,60,68,68,68,68,68,68,74,69,74,74,82,82,82,82,82,67,82,82,82,75,75,75,89,82,92,89,101,101,193,193,266,193,193,193,193,193,193,0,193,193,185,177,139,118,114,101,162,87,87,72,86,86,86,86,86,86,86,86,86,86,132,86,140,86,160,151,162,151,167,165,200,191,208,194,216,206,178,48,435,435,419,381,433,414,506,506,495,464,905,856,953,953,4997,953,1372,5732,9510,9510,8959,8875,8156,8156,6269,6269,6126,6126,6078,5610,1689,1251]} 1. g3 g6 2. Bg2 Bg7 3. d4 d5 4. Nf3 Nf6 5. O-O O-O 6. c4 c6 7. Qa4 Nfd7 {D78: Fianchetto Grünfeld: 6 0-0 c6} (7... Nbd7 8. cxd5 Nb6 9. Qd1 cxd5 10. b3 Ne4 11. Bb2 Bf5 12. Nc3 Rc8 13. Rc1 Qd7 14. e3 Bg4 15. Qd3 Bf5 16. Qe2 Bg4 17. Qd3 Bf5 18. Qe2 Bg4 {½-½ (18) Vidit,S (2695)-Shankland,S (2725) Wijk aan Zee 2019}) 8. Qc2 Nb6 9. c5 N6d7 {White has an edge.} 10. Bf4 Na6 11. Nc3 $146 ({Predecessor:} 11. Nbd2 e5 12. Nxe5 Nxe5 13. Bxe5 Bxe5 14. dxe5 Qe7 15. f4 {1-0 (54) Ventura Bolet,M (2069)-Serra Pages,J (2235) Figueres 2015}) 11... h6 12. Rad1 g5 13. Bc1 f5 14. h4 g4 15. Ne1 e5 16. dxe5 Qe7 17. Nd3 Kh7 18. Na4 Nxe5 19. Bf4 Re8 20. Nxe5 Bxe5 21. Bxe5 Qxe5 22. e3 Re7 23. a3 Bd7 24. Nc3 Nc7 {[%cal Ba6c7,Bc7e8,Be8f6,Bf6e4][%mdl 32]} 25. Ne2 Ne8 26. Nf4 Nf6 27. Rd4 Ne4 28. Rb4 Be8 29. Bxe4 fxe4 30. Qb3 Rb8 31. Rc1 Qf6 32. a4 Qg7 33. Rc2 h5 34. Rc3 Kh6 35. Qc2 Qf6 36. Rd4 a5 (36... a6 $16) 37. Rb3 $18 Kh7 (37... Qg7 {was worth a try.} 38. Rb6 Kh7) 38. Rb6 {Strongly threatening Nxd5!} Qf7 39. Qc3 Ra8 40. Rd1 Qg7 41. Rd4 $2 (41. Qe1 $18) 41... Qe5 $2 (41... Qf7 $1 $11 {and Black has nothing to worry.}) 42. Kf1 Ra7 43. Ke1 Bf7 44. Kd2 Re8 45. Kc2 Rea8 (45... Be6 $16) 46. Rd2 (46. b4 $1 $18) 46... Qe7 47. Kb1 Ra6 48. Rxa6 Rxa6 49. Rc2 $40 {[%mdl 128] Black is in trouble.} Ra8 50. Qd4 Be8 51. Rc3 Rd8 52. Ne2 Qg7 53. Kc1 Rd7 (53... Qe7 $142) 54. Kd2 (54. Qxg7+ $142 Kxg7 55. Kd2) 54... Rf7 (54... Qe7 $142) 55. Qxg7+ Kxg7 $16 {[%mdl 4096] Endgame KRB-KRN} 56. Ke1 Kf6 57. Nd4 Ke5 58. Nb3 $1 b6 59. cxb6 Rb7 60. Nxa5 Rxb6 {[#]} 61. b4 (61. Rb3 $1 $18 {[%cal Rb3b6]} Ra6 62. Rb8 Rxa5 63. Rxe8+ Kd6 64. b3) 61... Rxb4 $2 {[%mdl 8192]} (61... Kd6 $14) 62. Nxc6+ $18 Bxc6 63. Rxc6 $14 {KR-KR} Rb1+ 64. Kd2 Rb2+ 65. Rc2 {White is clearly winning.} Rb3 66. Ra2 d4 (66... Kd6 $142 67. a5 Kc7) 67. exd4+ $18 Kxd4 68. a5 Rf3 69. Ke1 (69. Ra4+ $142 Kd5 70. Ke2) 69... e3 70. a6 (70. Ra4+ $142 Kc5 71. a6) 70... exf2+ 71. Kf1 Rf8 72. a7 Ra8 73. Kxf2 Kd3 74. Ke1 Re8+ 75. Kd1 Ra8 {[#]} 76. Ra3+ $1 Kd4 77. Ke2 {Accuracy: White = 78%, Black = 37%.} 1-0

[Event "EICC 2019"]
[Site "Skopia"]
[Date "2019.03.20"]
[Round "3.49"]
[White "Gavrilescu, David"]
[Black "Bindrich, Falko"]
[Result "1/2-1/2"]
[WhiteElo "2467"]
[BlackElo "2610"]
[Annotator "TA"]
[PlyCount "42"]
[EventDate "2019.03.18"]
[EventType "swiss"]
[EventCountry "MKD"]
[SourceTitle "playchess.com"]
[Source "ChessBase"]
[SourceQuality "1"]

{[%evp 23,42,26,28,33,37,33,69,58,56,43,70,39,68,44,102,66,99,73,85,62,102]} 1. e4 e5 2. Nf3 Nc6 3. Bb5 a6 4. Ba4 Nf6 5. O-O Be7 6. Re1 b5 7. Bb3 d6 8. c3 O-O 9. h3 Na5 10. Bc2 c5 11. d4 Qc7 12. d5 Nc4 13. b3 {C97: Closed Ruy Lopez: Chigorin Defence: 11 d4 Qc7, sidelines} Nb6 14. a4 Ne8 (14... Bd7 15. a5 Nc8 16. c4 b4 17. Nbd2 Bd8 18. Nf1 Kh8 19. Ra2 Qb8 20. Be3 Ne7 {1-0 (63) Grischuk,A (2761)-Rapport,R (2694) Geneva 2017}) 15. Qe2 Bd7 {[#]} 16. Nbd2 $146 {[%cal Bb1d2,Bd2f1,Bf1g3][%mdl 32]} ({Predecessor:} 16. Bd2 Qb7 17. Be3 h6 18. Nbd2 Qc7 19. Nf1 Nf6 20. Ng3 bxa4 21. bxa4 {1-0 (58) Schneider,W (2506)-Vayser,V (2569) ICCF email 2010}) 16... g6 17. Nf1 (17. a5 $5 {[%cal Ra5b6]} Nc8 18. Nf1 $14) 17... Ng7 18. Bh6 (18. a5 $5 {[%cal Ra5b6]} Nc8 19. Ng3 $16) 18... Rab8 (18... bxa4 $14 19. bxa4 a5) 19. g4 Nc8 20. Ng3 bxa4 21. bxa4 Qa5 {Accuracy: White = 28%, Black = 32%.} 1/2-1/2